Population vs. Land Area - Statistics

General Stats
  • This quiz has been taken 9 times
  • The average score is 8 of 10
Answer Stats
Question Answer % Correct
Egypt Population
100%
Pakistan Population
100%
Ivory Coast Population
88%
Uganda Population
88%
Brazil Land Area
75%
Nepal Population
75%
Poland Population
75%
Romania Land Area
63%
Tanzania Population
63%
Belarus Land Area
50%
No matching quizzes found
Score Distribution
Percent of People with Each Score
Percentile by Number Answered
Your Score History
You have not taken this quiz